000
00283nam a2200097Ia 4500
001
1142602
005
20250827010140.0
008
250824s9999 xx 000 0 und d
245
0
_a
MİNİK İZCİLER-MİNİK İZCİ GEZEGENİ
_c
JUDY DELTON
260
_b
GÜNIŞIĞI KİTAPLIĞI YAYINLARI
999
_c
1142602
_d
1142602